Taylor Swift - Paroles Fresh Out The Slammer - Statistiques

Statistiques générales
  • Ce quiz a été pris 50 fois
  • Le résultat moyen est 238 sur 272
Statistiques - réponses
Hint Réponse % Correct
baby,
100%
baby
100%
back
100%
be
100%
call
100%
first
100%
Fresh
100%
(Fresh
100%
home
100%
I
100%
I'm
100%
know
100%
my
100%
Pré-refrain My
100%
no
100%
Intro | Refrain Now,
100%
Refrain Now
100%
now
100%
of
100%
oh)
100%
on
100%
one
100%
out
100%
pretty
100%
slammer,
100%
the
100%
to
100%
Bridge To
100%
who
100%
will
100%
you
100%
and
97%
And
97%
But
97%
but
97%
did
97%
dreams
97%
For
97%
his
97%
it
97%
me
97%
running
97%
that
97%
time
97%
we
97%
again
93%
alright,
93%
American
93%
don't
93%
gonna
93%
He
93%
he
93%
imaginary
93%
it's
93%
just
93%
never
93%
rings
93%
under
93%
was
93%
Wearing
93%
what
93%
where
93%
with
93%
girl
90%
hear
90%
her
90%
lose
90%
matter
90%
understand
90%
wouldn't
90%
at
86%
we're
86%
in
83%
In
83%
said
83%
says
83%
smile
83%
swings
83%
what's
83%
anyway
79%
children's
79%
Here,
79%
sunshine
79%
used
79%
friends
76%
glimpse
76%
hour
76%
house
76%
line,
76%
All
72%
all
72%
As
72%
off
72%
sit
72%
spell
72%
starting
72%
summer
72%
tried,
72%
tunnels
72%
way
72%
Couplet 1 Another
69%
better
69%
daily
69%
light
69%
park
69%
stake
69%
up,
69%
up
69%
Watch
69%
Ain't
66%
cover,
66%
disappearing
66%
fights
66%
going
66%
poems
66%
porch
66%
taking
66%
ashes
62%
blue
62%
Pré-refrain Gray
62%
Handcuffed
62%
how
62%
into
62%
kept
62%
letters,
62%
nights
62%
screw
62%
Couplet 2 Camera
59%
feeling
59%
flashes,
59%
I've
59%
locks
59%
rolling
59%
those
59%
thunder
59%
winter,
59%
bashes
55%
done,
55%
ledge
55%
shade
55%
Swirled
55%
toss
55%
welcome
55%
gleams
52%
labor,
52%
ceilings
48%
matches,
48%
still
48%
Years
48%
dinners,
45%
silent
45%
bitter
41%
Splintered
41%
wait
41%
Get
38%
Aucun quiz correspondant
Distribution des résultats
% des personnes avec chaque résultat
Percentile par nombre de réponses
Votre historique - résultats
Vous n’avez pas pris ce quiz